Currencies of Oceania on a Map - Statistics

General Stats
  • This quiz has been taken 321 times
  • The average score is 9 of 11
Answers on the Map
Answers color-coded by a green-red scale on the quiz's map according to % correct below.
 
Answer Stats
Country % Correct
Australian dollar
100%
New Zealand dollar
100%
Fijian dollar
99%
US dollar
99%
Tuvaluan dollar
98%
Kiribati dollar
97%
Solomon Islands dollar
97%
Vanuatu vatu
49%
Tongan pa'anga
43%
Samoan tālā
40%
Papua New Guinean kina
38%
No matching quizzes found
Score Distribution
Percent of People with Each Score
Percentile by Number Answered
Your Score History
You have not taken this quiz